00412 2200157 4500001002100000008004100021035002000062245004900082100001900131260003700150300002000187082001100207650001000218990001300228990001300241INLIS000000000000389 ind  a0010-0322000389 aBERUANG DAN LEBAH SERTA CERITA LAINNYAcIKHA aDIDIK DJUNAEDI aJAKARTAbGADING INTI PRIMAc2014 a54 hlm.c25 cm. a398.24 aFABEL a102578-1 a102578-2